[Event "XXVII OOM - Mistrzostwa Polski Juniorow Mlodszych - Chlopcy do lat 14"]
[Site "ApartHotel Termy Uniejow, ul. Termalna 1, 99-210 Uniejow"]
[Date "1899-12-30"]
[Round "1.23"]
[White "Kutowski, Marcel"]
[Black "Borowik, Karol"]
[Result "1-0"]
[WhiteTitle "I"]
[BlackTitle "II"]
[WhiteElo "1712"]
[BlackElo "1370"]

1. e4 c5 2. Nf3 d6 3. d4 cxd4 4. Nxd4 Nf6 5. Nc3 a6 6. Be2 e5 7. Nb3 Be6 8. f4
exf4 9. Bxf4 Nc6 10. Qd2 Be7 11. O-O-O Ne5 12. Nd4 Qd7 13. Nf3 Nxf3 14. gxf3 Rd8
15. Rhg1 g6 16. Bh6 Bf8 17. Bxf8 Kxf8 18. Qh6+ Kg8 19. e5 Ne8 20. Ne4 f5 21. Rxd6
Qe7 22. Nf6+ Nxf6 23. exf6 Qxf6 24. Rgd1 Rc8 25. Qe3 Kf7 26. Re1 Rhe8 27. Bd3
Qe7 28. Qf4 Qc7 29. Qd4 Rcd8 30. Rexe6 Rxd6 31. Qf6+ Kg8 32. Rxe8# 1-0

[Event "XXVII OOM - Mistrzostwa Polski Juniorow Mlodszych - Chlopcy do lat 14"]
[Site "ApartHotel Termy Uniejow, ul. Termalna 1, 99-210 Uniejow"]
[Date "1899-12-30"]
[Round "1.24"]
[White "Wasilewski, Stanislaw"]
[Black "Wydmanski, Szymon"]
[Result "0-1"]
[WhiteTitle "II"]
[BlackTitle "I"]
[WhiteElo "1319"]
[BlackElo "1697"]

1. c4 e5 2. Nc3 Nf6 3. g3 d5 4. Bg2 d4 5. Nd5 Nxd5 6. Bxd5 f5 7. Nf3 c6 8. Qa4
Bd7 9. Qb3 cxd5 10. cxd5 Qb6 11. Qxb6 axb6 12. Nxe5 Ra5 13. Nc4 Rxd5 14. Nxb6
Rc5 15. d3 Bc6 16. f3 Nd7 17. Nc4 Bd5 18. b3 Bxc4 19. bxc4 Be7 20. Rb1 b6 21.
Bb2 Bf6 22. Kf2 Kf7 23. a3 h5 24. h4 Re8 25. Rhe1 f4 26. Bc1 fxg3+ 27. Kxg3 g5
28. hxg5 Bxg5 29. Bb2 Bd8 30. Kg2 Re3 31. Bc1 Bf6 32. Kg3 Re8 33. f4 Rg8+ 34.
Kf3 h4 35. Rh1 Rg3+ 36. Kf2 Rc8 37. Bd2 Rcg8 38. Rbg1 Rxg1 39. Rxg1 Rxg1 40. Kxg1
Be7 41. a4 Kf6 42. Kg2 Kf5 43. Kf3 Nf6 0-1

[Event "XXVII OOM - Mistrzostwa Polski Juniorow Mlodszych - Chlopcy do lat 14"]
[Site "ApartHotel Termy Uniejow, ul. Termalna 1, 99-210 Uniejow"]
[Date "1899-12-30"]
[Round "1.25"]
[White "Kejna, Piotr"]
[Black "Urban, Szymon"]
[Result "1-0"]
[WhiteTitle "CM"]
[BlackTitle "II"]
[WhiteElo "1682"]
[BlackElo "1312"]

1. c4 e5 2. d3 Nf6 3. Nc3 d6 4. g3 Be6 5. Bg2 c6 6. Nf3 Nbd7 7. Qa4 Qc7 8. O-O
Be7 9. Bd2 O-O 10. Rac1 Rfc8 11. b4 Qd8 12. b5 d5 13. bxc6 bxc6 14. Rfd1 Bd6 15.
Ng5 Nb6 16. Qa5 Qe7 17. Nxe6 fxe6 18. Na4 Nxa4 19. Qxa4 Rab8 20. Rb1 Qd7 21. Bg5
Rxb1 22. Rxb1 Rf8 23. Bxf6 Rxf6 24. cxd5 Bc5 25. dxc6 Bxf2+ 26. Kh1 Qc8 27. Qb5
Bd4 28. Qb7 Rf8 29. Bh3 Qe8 30. c7 Kh8 31. Rc1 Be3 32. c8=Q Bxc1 33. Qxe8 Rxe8
34. Qc6 1-0

[Event "XXVII OOM - Mistrzostwa Polski Juniorow Mlodszych - Chlopcy do lat 14"]
[Site "ApartHotel Termy Uniejow, ul. Termalna 1, 99-210 Uniejow"]
[Date "1899-12-30"]
[Round "1.26"]
[White "Partyka, Wiktor"]
[Black "Maj, Samuel"]
[Result "1-0"]
[WhiteTitle "II"]
[BlackTitle "I"]
[WhiteElo "1254"]
[BlackElo "1670"]

1. c4 e5 2. Nc3 Nc6 3. g3 g6 4. Bg2 Bg7 5. e3 d6 6. Nge2 h5 7. O-O h4 8. d4 h3
9. Bh1 f5 10. d5 Nce7 11. e4 Nf6 12. f4 c6 13. Be3 Ng4 14. Qd2 c5 15. Bxc5 dxc5
16. d6 O-O 17. Rfd1 Be6 18. dxe7 Qxe7 19. Nd5 Bxd5 20. Qxd5+ Kh8 21. Qd6 Qxd6
22. Rxd6 exf4 23. Nxf4 Bxb2 24. Nxg6+ Kg8 25. Nxf8 Bxa1 26. Ne6 fxe4 27. Bxe4
Ne5 28. Bd5 Kh8 29. Rd8+ Rxd8 30. Nxd8 Bd4+ 31. Kf1 Ng4 32. Be6 Nxh2+ 33. Ke2
Be5 34. Nf7+ Kg7 35. Nxe5 Kf6 36. Ng4+ Nxg4 37. Bxg4 h2 38. Bf3 Ke5 39. Bxb7 Kd4
40. Bd5 a5 41. Kf2 Kc3 42. Kg2 a4 43. Bc6 a3 44. Ba4 Kxc4 45. g4 Kb4 46. Bd1 c4
47. g5 Kc3 48. g6 Kd2 49. Ba4 c3 50. g7 c2 51. Bxc2 Kxc2 52. g8=Q Kb2 53. Qb3+
Ka1 54. Qd1+ Kxa2 55. Qc1 Kb3 56. Kxh2 Ka2 57. Kg2 Kb3 58. Kf3 Ka2 59. Ke3 Kb3
60. Kd4 Ka2 61. Kd3 Kb3 62. Qb1+ Ka4 63. Kc4 1-0

[Event "XXVII OOM - Mistrzostwa Polski Juniorow Mlodszych - Chlopcy do lat 14"]
[Site "ApartHotel Termy Uniejow, ul. Termalna 1, 99-210 Uniejow"]
[Date "1899-12-30"]
[Round "2.1"]
[White "Paszkowski, Krystian"]
[Black "Klimkowski, Jan"]
[Result "0-1"]
[WhiteTitle "I+"]
[BlackTitle "FM"]
[WhiteElo "1782"]
[BlackElo "2322"]

1. e4 c5 2. Nf3 d6 3. Bb5+ Nd7 4. Ba4 Ngf6 5. O-O a6 6. c4 g6 7. Nc3 Bg7 8. d3
O-O 9. h3 Ne8 10. Be3 Nc7 11. d4 cxd4 12. Nxd4 Nc5 13. Bc2 b5 14. Nd5 Bb7 15.
b4 N5e6 16. Rc1 bxc4 17. Nb6 Rb8 18. Nxc4 Ba8 19. a3 d5 20. Na5 Nxd4 21. Bxd4
Bxd4 22. Qxd4 Nb5 23. Qe3 d4 24. Qd3 Rc8 25. a4 Nc3 26. Qxa6 Qd6 27. Qxd6 Ne2+
28. Kh2 exd6 29. Nb3 Nxc1 30. Rxc1 Rc4 31. b5 Rfc8 32. a5 d3 33. Bxd3 Rxc1 34.
Nxc1 Rxc1 35. b6 Rc3 36. Ba6 Bxe4 37. f3 Bd5 0-1

[Event "XXVII OOM - Mistrzostwa Polski Juniorow Mlodszych - Chlopcy do lat 14"]
[Site "ApartHotel Termy Uniejow, ul. Termalna 1, 99-210 Uniejow"]
[Date "1899-12-30"]
[Round "2.2"]
[White "Fiszer, Bartosz"]
[Black "Kutowski, Marcel"]
[Result "1-0"]
[WhiteTitle "CM"]
[BlackTitle "I"]
[WhiteElo "2216"]
[BlackElo "1712"]

1. e4 c6 2. d4 d5 3. Nd2 dxe4 4. Nxe4 Bf5 5. Ng3 Bg6 6. h4 h6 7. Nf3 Nd7 8. h5
Bh7 9. Bd3 Bxd3 10. Qxd3 e6 11. Bd2 Ngf6 12. O-O-O Be7 13. Kb1 Qb6 14. Rhe1 O-O
15. c4 Qc7 16. Ne5 c5 17. Bf4 Rfd8 18. d5 Nb6 19. Nxf7 Qxf4 20. Nxd8 Rxd8 21.
Rxe6 Bf8 22. b3 Nc8 23. Qe3 Qg4 24. Qe2 Qf4 25. Ne4 Nxe4 26. Rxe4 Qf5 27. g4 Qf7
28. Re3 Nd6 29. Rf3 Qd7 30. Qe6+ Nf7 31. Re1 1-0

[Event "XXVII OOM - Mistrzostwa Polski Juniorow Mlodszych - Chlopcy do lat 14"]
[Site "ApartHotel Termy Uniejow, ul. Termalna 1, 99-210 Uniejow"]
[Date "1899-12-30"]
[Round "2.3"]
[White "Wydmanski, Szymon"]
[Black "Malek, Jan"]
[Result "0-1"]
[WhiteTitle "I"]
[BlackTitle "I++"]
[WhiteElo "1697"]
[BlackElo "2097"]

1. e4 e5 2. Nf3 Nc6 3. Bc4 Bc5 4. c3 Nf6 5. d3 d6 6. Nbd2 a6 7. Bb3 Ba7 8. Nf1
O-O 9. Ng3 Be6 10. O-O Qd7 11. Bg5 Ne8 12. h3 d5 13. Qe2 dxe4 14. Bxe6 exf3 15.
Bxd7 fxe2 16. Nxe2 Nf6 17. Bxf6 gxf6 18. Bxc6 bxc6 19. g4 Rfd8 20. Rfd1 Rd5 21.
c4 Rd7 22. Rd2 a5 23. Kf1 Rad8 24. Rad1 Bc5 25. Nc3 Kg7 26. Ke2 Bb4 27. Rc2 Rd4
28. Ne4 a4 29. a3 Bf8 30. Ng3 Kg8 31. Nf5 R4d7 32. f3 Bc5 33. Rc3 Rb8 34. Rb1
Bd4 35. Rc2 c5 36. Nxd4 exd4 37. b4 Re7+ 38. Kf2 Re3 39. Rd2 f5 40. b5 f4 41.
Rbb2 Kg7 42. h4 Rb6 43. h5 Kh6 44. Rb1 Kg5 45. Rg1 Rbe6 46. Rb1 Rh6 47. Re2 f5
48. Rg1 fxg4 49. Rxg4+ Kf5 50. Rg7 Rxh5 51. Rxe3 fxe3+ 52. Ke1 Rh1+ 53. Ke2 Rh2+
54. Ke1 e2 55. Rxc7 Kf4 56. b6 Kxf3 57. Re7 Rh1+ 58. Kd2 Rd1+ 59. Kc2 e1=Q 60.
Rxe1 Rxe1 61. b7 Re8 0-1

[Event "XXVII OOM - Mistrzostwa Polski Juniorow Mlodszych - Chlopcy do lat 14"]
[Site "ApartHotel Termy Uniejow, ul. Termalna 1, 99-210 Uniejow"]
[Date "1899-12-30"]
[Round "2.4"]
[White "Kejna, Piotr"]
[Black "Meers, Hubert"]
[Result "1/2-1/2"]
[WhiteTitle "CM"]
[BlackTitle "k"]
[WhiteElo "1682"]
[BlackElo "2037"]

1. e4 c6 2. d4 d5 3. Nc3 dxe4 4. Nxe4 Bf5 5. Ng3 Bg6 6. h4 h6 7. Nh3 Nf6 8. Nf4
Bh7 9. Bc4 e6 10. Qe2 Qxd4 11. Bxe6 fxe6 12. Nxe6 Bb4+ 13. Kf1 Qd7 14. Nc7+ Kf7
15. Nxa8 Na6 16. Nh5 Qg4 17. Nxf6 Qxe2+ 18. Kxe2 Kxf6 19. Nb6 axb6 20. c3 Be7
21. Be3 Nc5 22. Rad1 Re8 23. Rd4 Kf7 24. Kf3 Bf6 25. Rb4 Be4+ 26. Kg3 g5 27. hxg5
hxg5 28. Bxc5 bxc5 29. Rxb7+ Kg6 30. f3 Bd5 31. Kf2 Bxa2 32. Re1 Rd8 33. Rb6 Bd5
34. Re2 c4 35. Rb7 Rh8 36. Kg3 Kf5 37. Kf2 Be5 38. Ra7 Bd6 39. Ra5 g4 40. fxg4+
Kxg4 41. Kg1 Bh2+ 42. Kf2 Rf8+ 43. Ke3 Rf1 44. Kd4 Bd6 45. Rxd5 Rd1+ 46. Kxc4
Rxd5 47. b4 Kf5 48. Re8 Rd2 49. Rc8 Ke6 50. Rxc6 Kd7 51. Ra6 Rxg2 52. Ra7+ Bc7
53. Ra1 Kc6 54. Rh1 Rg4+ 55. Kb3 Be5 56. Rh3 Re4 57. Rd3 Re1 58. Kc4 Re4+ 1/2-1/2

[Event "XXVII OOM - Mistrzostwa Polski Juniorow Mlodszych - Chlopcy do lat 14"]
[Site "ApartHotel Termy Uniejow, ul. Termalna 1, 99-210 Uniejow"]
[Date "1899-12-30"]
[Round "2.5"]
[White "Maslanka, Wojciech"]
[Black "Kusiak, Mateusz"]
[Result "0-1"]
[WhiteTitle "I"]
[BlackTitle "I+"]
[WhiteElo "1943"]
[BlackElo "1634"]

1. e4 c5 2. Nf3 Nf6 3. e5 Nd5 4. Nc3 Nxc3 5. dxc3 b6 6. Bf4 Bb7 7. Bd3 e6 8. Qe2
h6 9. h4 Nc6 10. O-O-O Qc7 11. Ba6 Bxa6 12. Qxa6 Rb8 13. Qb5 Qb7 14. Rd2 a6 15.
Qe2 Qa7 16. Rhd1 Rb7 17. g4 b5 18. g5 b4 19. c4 a5 20. Qe4 Ne7 21. b3 Nf5 22.
h5 Be7 23. g6 f6 24. exf6 Bxf6 25. Be5 O-O 26. Bxf6 Rxf6 27. Ne5 Nd4 28. Ng4 Rf5
29. Re1 Rb8 30. Ne5 Rbf8 31. Re3 Rxf2 32. Nf7 Rxd2 33. Kxd2 Qc7 34. Rh3 a4 35.
Kc1 d5 36. cxd5 exd5 37. Qd3 Qf4+ 38. Kb1 Re8 39. Rh1 Re3 40. Rf1 Qg3 41. Qd1
Rd3 42. Qc1 Rxb3+ 43. axb3 Qxb3+ 44. Ka1 Nxc2+ 45. Qxc2 Qxc2 46. Nxh6+ gxh6 47.
Rf8+ Kxf8 48. g7+ Ke7 49. g8=Q Qc3+ 50. Kb1 Qd3+ 51. Ka1 Qd4+ 52. Kb1 Qe4+ 53.
Ka2 Qe2+ 54. Ka1 Qxh5 55. Qg7+ Ke6 56. Qg8+ Ke5 57. Qg3+ Ke4 58. Qg2+ Ke5 59.
Qg7+ Ke6 60. Qg8+ Qf7 61. Qc8+ Kd6 62. Qb8+ Kc6 63. Qa8+ Kb5 64. Qb8+ Kc4 65.
Qh2 Qf1+ 66. Kb2 Qd3 67. Ka1 Qd4+ 68. Kb1 b3 0-1

[Event "XXVII OOM - Mistrzostwa Polski Juniorow Mlodszych - Chlopcy do lat 14"]
[Site "ApartHotel Termy Uniejow, ul. Termalna 1, 99-210 Uniejow"]
[Date "1899-12-30"]
[Round "2.6"]
[White "Rog, Bartlomiej"]
[Black "Ugorek, Kacper"]
[Result "1-0"]
[WhiteTitle "I++"]
[BlackTitle "I"]
[WhiteElo "1867"]
[BlackElo "1569"]

1. e4 c5 2. Nf3 d6 3. d4 cxd4 4. Nxd4 Nf6 5. Nc3 Nc6 6. Bg5 e6 7. Qd3 a6 8. Nxc6
bxc6 9. Qg3 Qc7 10. O-O-O Bb7 11. Bc4 O-O-O 12. e5 dxe5 13. Rxd8+ Qxd8 14. Qxe5
Bd6 15. Qe2 Qa5 16. Bxf6 gxf6 17. Ne4 Bf4+ 18. Kb1 f5 19. Qf3 Qe5 20. Nc3 c5 21.
Bxa6 Bxa6 22. Qc6+ Kd8 23. Qxa6 Ke7 24. g3 Bd2 25. Na4 Qe4 26. Rd1 Ra8 27. Nxc5
Qd5 28. Qb7+ Qxb7 29. Nxb7 Bb4 30. c3 Bxc3 31. bxc3 Rb8 32. Kc2 Rxb7 33. a4 e5
34. Rd5 Ke6 35. Rb5 Ra7 36. Kb3 h5 37. a5 h4 38. Kc4 e4 39. Kc5 Rc7+ 40. Kb6 Rxc3
41. a6 hxg3 42. hxg3 f4 43. gxf4 Kd6 44. a7 Rc6+ 45. Kb7 Rc7+ 46. Kb8 e3 47. a8=Q
exf2 48. Qd5+ Ke7 49. Qe5+ Kf8 50. Qh8+ Ke7 51. Kxc7 f6 52. Qg7+ Ke6 53. f5# 1-0

[Event "XXVII OOM - Mistrzostwa Polski Juniorow Mlodszych - Chlopcy do lat 14"]
[Site "ApartHotel Termy Uniejow, ul. Termalna 1, 99-210 Uniejow"]
[Date "1899-12-30"]
[Round "2.7"]
[White "Krasniewski, Maciej"]
[Black "Wiatrowski, Zbigniew"]
[Result "1/2-1/2"]
[WhiteTitle "I"]
[BlackTitle "I"]
[WhiteElo "1572"]
[BlackElo "1860"]

1. d4 d5 2. c4 dxc4 3. e3 e5 4. Nf3 exd4 5. Bxc4 Bb4+ 6. Bd2 Bxd2+ 7. Qxd2 Nf6
8. Nxd4 O-O 9. O-O a6 10. Rd1 b5 11. Be2 Bb7 12. Bf3 Bxf3 13. Nxf3 Qe7 14. Nc3
Nbd7 15. Rac1 Nb6 16. Nd4 Nc4 17. Qc2 c5 18. Nd5 Nxd5 19. Nf5 Qe6 20. Rxd5 g6
21. b3 Na5 22. Nh6+ Kg7 23. Qd2 Nb7 24. Rd7 Rad8 25. Qc3+ Kxh6 26. Rxb7 Rd5 27.
h3 Rfd8 28. e4 Qxe4 29. Rxf7 Qe5 30. Qxe5 Rxe5 31. Rf6 Rd2 32. Rxa6 Ree2 33. Rf6
Rc2 34. Rxc2 Rxc2 35. Rc6 b4 36. f4 Rxa2 37. Rxc5 Rb2 38. Rb5 Rxb3 39. Kf2 Kg7
40. g4 Rb1 41. Ke3 b3 42. Kd4 b2 43. Kc3 Rf1 44. Kxb2 Rxf4 45. g5 Rh4 46. Kc3
Rxh3+ 47. Kd4 Rf3 48. Ke4 Rf7 49. Rb3 h6 50. gxh6+ Kxh6 51. Rb1 g5 52. Rh1+ Kg6
53. Rg1 Rf4+ 54. Ke3 Kf5 55. Rc1 Kg4 56. Rg1+ Kh5 57. Rh1+ Kg6 58. Rh3 Rf1 59.
Rf3 Rb1 60. Kf2 Kh5 61. Kg3 Rg1+ 62. Kf2 Rg4 63. Rh3+ Kg6 64. Rg3 Kf5 65. Rf3+
Rf4 66. Kg3 Ke5 67. Rxf4 1/2-1/2

[Event "XXVII OOM - Mistrzostwa Polski Juniorow Mlodszych - Chlopcy do lat 14"]
[Site "ApartHotel Termy Uniejow, ul. Termalna 1, 99-210 Uniejow"]
[Date "1899-12-30"]
[Round "2.8"]
[White "Zalega, Maciej"]
[Black "Zieba, Hubert"]
[Result "1-0"]
[WhiteTitle "I"]
[BlackTitle "I"]
[WhiteElo "1841"]
[BlackElo "1417"]

1. e4 c5 2. Nf3 Nc6 3. d4 cxd4 4. Nxd4 g6 5. c4 Nf6 6. Nc3 Nxd4 7. Qxd4 d6 8. Be3
Bg7 9. Be2 O-O 10. Qd2 a5 11. O-O a4 12. Bd4 Qa5 13. Rad1 Be6 14. f4 Rfc8 15.
b3 axb3 16. axb3 Qb4 17. f5 Bd7 18. Bxf6 Bxf6 19. Nd5 Qxd2 20. Nxf6+ exf6 21.
Rxd2 g5 22. Rxd6 Bc6 23. Rd4 Ra2 24. Bd1 Rca8 25. Rf2 Ra1 26. Re2 Rc1 27. Kf2
Raa1 28. Bc2 h5 29. Ke3 g4 30. g3 Rf1 31. Rdd2 Kf8 32. Kd4 b6 33. b4 Ra8 34. b5
Bb7 35. Kc3 Ke7 36. Rd4 Rf3+ 37. Kb4 Ra2 38. c5 bxc5+ 39. Kxc5 Rc3+ 40. Rc4 Rxc4+
41. Kxc4 Kd6 42. Kb3 Ra5 43. Bd3 Ke5 44. Kb4 Ra1 45. Kc5 Rc1+ 46. Bc2 Bc8 1-0

[Event "XXVII OOM - Mistrzostwa Polski Juniorow Mlodszych - Chlopcy do lat 14"]
[Site "ApartHotel Termy Uniejow, ul. Termalna 1, 99-210 Uniejow"]
[Date "1899-12-30"]
[Round "2.9"]
[White "Grzadka, Artur"]
[Black "Grot, Blazej"]
[Result "1-0"]
[WhiteTitle "I"]
[BlackTitle "CM"]
[WhiteElo "1536"]
[BlackElo "1786"]

1. e4 e5 2. Nf3 Nc6 3. Bc4 Nf6 4. Ng5 d5 5. exd5 Na5 6. Bb5+ c6 7. dxc6 bxc6 8.
Be2 h6 9. Nf3 e4 10. Ne5 Qd4 11. Ng4 Bxg4 12. Bxg4 Bc5 13. O-O h5 14. c3 Qd6 15.
Be2 Ng4 16. g3 h4 17. d4 exd3 18. Qxd3 Qxd3 19. Bxd3 Rd8 20. Be2 Nxf2 21. Rxf2
hxg3 22. hxg3 Bxf2+ 23. Kxf2 Rh2+ 24. Kf3 Rd6 25. b4 Rf6+ 26. Bf4 g5 27. bxa5
gxf4 28. gxf4 Rh4 29. Nd2 Rhxf4+ 30. Ke3 Ra4 31. Nb3 Re6+ 32. Kd2 Rd6+ 33. Kc2
Re4 34. Bd3 Rf4 35. Re1+ Kf8 36. Rf1 Ra4 37. Ra1 Rf4 38. Nd2 c5 39. Ne4 Rd5 40.
c4 Rd4 41. Nd2 Rd6 42. Nb3 Rf2+ 43. Kc3 Rc6 44. Be4 Rc7 45. a6 f5 46. Bb7 f4 47.
Re1 f3 48. Re3 Rf7 49. Nd2 Rxd2 50. Kxd2 f2 51. Bg2 f1=Q 52. Bxf1 Rxf1 53. Rb3
Rf2+ 54. Kd3 Rxa2 55. Rb8+ Ke7 56. Rb7+ Kd6 57. Rxa7 Kc6 58. Rh7 Rxa6 59. Ke4
Ra2 60. Rh6+ Kc7 61. Kd5 Rg2 62. Kxc5 Rg5+ 63. Kb4 Rf5 64. c5 Rg5 65. Kb5 Rf5
66. Rh7+ Kc8 67. Kb6 Rf1 68. Rh8+ Kd7 69. c6+ Kd6 70. Rd8+ Ke7 71. c7 Rb1+ 72.
Ka5 Ra1+ 73. Kb4 Rb1+ 74. Ka3 Ra1+ 75. Kb2 1-0

[Event "XXVII OOM - Mistrzostwa Polski Juniorow Mlodszych - Chlopcy do lat 14"]
[Site "ApartHotel Termy Uniejow, ul. Termalna 1, 99-210 Uniejow"]
[Date "1899-12-30"]
[Round "2.10"]
[White "Madej, Marek"]
[Black "Leszcz, Mateusz"]
[Result "1-0"]
[WhiteTitle "I"]
[BlackTitle "II"]
[WhiteElo "1786"]
[BlackElo "1386"]

1. e4 g6 2. d4 Bg7 3. Nf3 d6 4. h3 a6 5. Bd3 Nd7 6. O-O c5 7. c3 b5 8. a4 c4 9.
Bc2 Bb7 10. Re1 e6 11. axb5 axb5 12. Rxa8 Qxa8 13. Na3 Qa6 14. b3 Ne7 15. bxc4
bxc4 16. Ba4 Bc6 17. Bxc6 Qxc6 18. Qe2 Nb6 19. Bg5 f6 20. Be3 O-O 21. d5 exd5
22. Bxb6 Qxb6 23. exd5 Qc5 24. Nxc4 Qxd5 25. Rd1 Qc5 26. Qe6+ Kh8 27. Nxd6 Nf5
28. Nf7+ Rxf7 29. Qxf7 Qf8 30. Qc7 Qa3 31. Rd8+ Bf8 32. Qf7 Qc1+ 33. Kh2 Qf4+
34. g3 1-0

[Event "XXVII OOM - Mistrzostwa Polski Juniorow Mlodszych - Chlopcy do lat 14"]
[Site "ApartHotel Termy Uniejow, ul. Termalna 1, 99-210 Uniejow"]
[Date "1899-12-30"]
[Round "2.11"]
[White "Duda, Szymon"]
[Black "Kazmierowski, Tymon"]
[Result "0-1"]
[WhiteTitle "I"]
[BlackTitle "I+"]
[WhiteElo "1413"]
[BlackElo "1782"]

1. d4 Nf6 2. c4 e6 3. Nf3 b6 4. Nc3 Bb4 5. Bd2 Bb7 6. e3 O-O 7. Bd3 d6 8. O-O Bxc3
9. Bxc3 Ne4 10. Nd2 Nxc3 11. bxc3 Nd7 12. Be4 Bxe4 13. Nxe4 f5 14. Ng3 e5 15.
f4 e4 16. Ne2 Qe7 17. Nc1 Qf7 18. Qe2 Nf6 19. Nb3 c6 20. Rac1 Rac8 21. Rfd1 Rc7
22. c5 d5 23. Rb1 Nd7 24. Qb2 Rb8 25. cxb6 Rxb6 26. Qa3 Rcb7 27. Nd2 Qh5 28. Kf2
Nf6 29. h3 Qh4+ 30. Kf1 Qg3 31. Rxb6 Rxb6 32. Re1 h6 33. Nb3 Rb7 34. Qd6 Qg6 35.
Ke2 0-1

[Event "XXVII OOM - Mistrzostwa Polski Juniorow Mlodszych - Chlopcy do lat 14"]
[Site "ApartHotel Termy Uniejow, ul. Termalna 1, 99-210 Uniejow"]
[Date "1899-12-30"]
[Round "2.12"]
[White "Krawczyk, Flawian"]
[Black "Partyka, Wiktor"]
[Result "1-0"]
[WhiteTitle "I++"]
[BlackTitle "II"]
[WhiteElo "1984"]
[BlackElo "1254"]

1. e4 e6 2. d4 d5 3. Nd2 Nf6 4. e5 Nfd7 5. f4 c5 6. c3 Nc6 7. Ndf3 cxd4 8. cxd4
Qb6 9. g3 Bb4+ 10. Kf2 O-O 11. Kg2 f6 12. Bd3 f5 13. Ne2 Qd8 14. h3 Kh8 15. g4
g6 16. Ng3 Be7 17. Be3 Nb6 18. b3 Bd7 19. h4 fxg4 20. Ne1 Rg8 21. Qxg4 h5 22.
Qe2 Bxh4 23. Bxg6 Rxg6 24. Qxh5+ Kg7 25. Rxh4 Qh8 26. Nd3 Qxh5 27. Rxh5 Be8 28.
Rh3 Ne7 29. Kf3 Bf7 30. Nc5 Rc8 31. Nxb7 Rc3 32. Rc1 Rxc1 33. Bxc1 Nc6 34. Nh5+
Kf8 35. Ba3+ Ke8 36. Nf6+ Rxf6 37. Nd6+ Kd7 38. exf6 Nxd4+ 39. Kf2 Bg8 40. Rh8
Nb5 41. Nxb5 Bf7 42. Rh7 Kd8 43. Be7+ Kc8 44. Nd6+ Kd7 45. Nxf7 Nc8 46. Ne5+ Kc7
47. Bc5+ Kb8 48. Nc6+ Ka8 49. Rc7 a5 50. f7 e5 51. f8=R e4 52. Ra7# 1-0

[Event "XXVII OOM - Mistrzostwa Polski Juniorow Mlodszych - Chlopcy do lat 14"]
[Site "ApartHotel Termy Uniejow, ul. Termalna 1, 99-210 Uniejow"]
[Date "1899-12-30"]
[Round "2.13"]
[White "Pieczulis, Hubert"]
[Black "Janeczko, Jakub"]
[Result "0-1"]
[WhiteTitle "I"]
[BlackTitle "I++"]
[WhiteElo "1445"]
[BlackElo "1976"]

1. e4 c5 2. c3 Nf6 3. e5 Nd5 4. d4 cxd4 5. Nf3 Nc6 6. Bc4 Nb6 7. Bb3 d5 8. exd6
Qxd6 9. O-O g6 10. Ng5 e6 11. Qf3 Qe7 12. Ne4 f5 13. Ng5 Bg7 14. Re1 O-O 15. Nxe6
Kh8 16. Qd1 Bxe6 17. Rxe6 Qd7 18. Bf4 Rad8 19. cxd4 Nxd4 20. Rd6 Qe7 21. Rxd8
Ne2+ 22. Kf1 Rxd8 23. Qxe2 Qxe2+ 24. Kxe2 Bxb2 25. Nc3 Re8+ 26. Kd2 Bxa1 27. Nb5
Be5 28. Bxe5+ Rxe5 29. Nd6 Re7 30. Nf7+ Kg7 31. Ng5 Kf6 32. Nf3 Rd7+ 33. Ke3 Nd5+
34. Bxd5 Rxd5 35. Nd4 Ra5 0-1

[Event "XXVII OOM - Mistrzostwa Polski Juniorow Mlodszych - Chlopcy do lat 14"]
[Site "ApartHotel Termy Uniejow, ul. Termalna 1, 99-210 Uniejow"]
[Date "1899-12-30"]
[Round "2.14"]
[White "Wieckowski, Michal"]
[Black "Demski, Michal"]
[Result "0-1"]
[WhiteTitle "I"]
[BlackTitle "I+"]
[WhiteElo "1614"]
[BlackElo "1768"]

1. d4 d5 2. c4 dxc4 3. e4 e5 4. d5 Nf6 5. Bg5 b5 6. a4 c6 7. axb5 cxb5 8. Qc2 Bb4+
9. Nc3 Nbd7 10. Nf3 Nc5 11. Nd2 Bxc3 12. Qxc3 Qd6 13. Bxf6 gxf6 14. b3 Bd7 15.
bxc4 b4 16. Qe3 a5 17. Be2 a4 18. O-O Ke7 19. f4 Rhg8 20. fxe5 fxe5 21. Qf2 f6
22. Qh4 Rg7 23. Rf2 Rag8 24. Raf1 Rg6 25. g3 R8g7 26. Qh5 Be8 27. Qf3 Bd7 28.
Qh5 b3 29. Qf3 Bg4 30. Qc3 Bxe2 31. Rxe2 Qb6 32. Kg2 a3 33. Nb1 a2 34. Na3 Na4
35. Qa1 Qb4 0-1

[Event "XXVII OOM - Mistrzostwa Polski Juniorow Mlodszych - Chlopcy do lat 14"]
[Site "ApartHotel Termy Uniejow, ul. Termalna 1, 99-210 Uniejow"]
[Date "1899-12-30"]
[Round "2.15"]
[White "Klim, Filip"]
[Black "Jaworski, Tymon"]
[Result "1-0"]
[WhiteTitle "I++"]
[BlackTitle "I"]
[WhiteElo "2062"]
[BlackElo "1616"]

1. e4 e6 2. d4 d5 3. Nd2 Nf6 4. e5 Nfd7 5. f4 c5 6. c3 Nc6 7. Ndf3 Qb6 8. a3 Be7
9. Nh3 a5 10. f5 cxd4 11. fxe6 Ndxe5 12. Nxe5 Nxe5 13. cxd4 Nc6 14. exf7+ Kf8
15. Nf4 Qxd4 16. Qxd4 Nxd4 17. Bd3 Bc5 18. Rf1 b6 19. Bxh7 g5 20. Ng6+ Kg7 21.
f8=Q+ Bxf8 22. Nxf8 Rxh7 23. Nxh7 Nc2+ 24. Kd1 Nxa1 25. Nxg5 Bg4+ 26. Nf3 Rf8
27. Be3 b5 28. h3 Bxf3+ 29. Rxf3 Rxf3 30. gxf3 Nb3 31. Kc2 a4 32. Kd3 Kg6 33.
h4 Kh5 34. Bf2 Na5 35. Kd4 Nc4 36. Kxd5 Nxb2 37. Kc6 Nc4 38. Kxb5 Nxa3+ 39. Kb4
Nb1 40. Be1 Nd2 41. Bxd2 Kxh4 42. Kxa4 Kg3 43. f4 Kg4 44. Kb5 Kf5 45. Kc5 Ke4
46. Kd6 Kf5 47. Ke7 Kg6 48. Ke6 Kg7 49. Bb4 1-0

[Event "XXVII OOM - Mistrzostwa Polski Juniorow Mlodszych - Chlopcy do lat 14"]
[Site "ApartHotel Termy Uniejow, ul. Termalna 1, 99-210 Uniejow"]
[Date "1899-12-30"]
[Round "2.16"]
[White "Nagly, Wojciech"]
[Black "Herwy, Jakub"]
[Result "0-1"]
[WhiteTitle "II"]
[BlackTitle "I+"]
[WhiteElo "1514"]
[BlackElo "1916"]

1. e4 c5 2. Nf3 e6 3. c3 Nf6 4. e5 Nd5 5. d4 cxd4 6. cxd4 Nc6 7. Bc4 Nb6 8. Bb3
d6 9. O-O Be7 10. Nc3 O-O 11. Nb5 dxe5 12. dxe5 a6 13. Qxd8 Rxd8 14. Nc7 Rb8 15.
Be3 Na8 16. Nxa8 Rxa8 17. Bb6 Rf8 18. Rac1 Bd8 19. Bc5 Re8 20. Ba4 b5 21. Bc2
Bb7 22. Rfd1 Ne7 23. Ng5 Nd5 24. Ne4 Bc7 25. Bd6 Bb6 26. a4 Rec8 27. axb5 axb5
28. g3 Ne3 29. fxe3 Bxe3+ 30. Kf1 Bxc1 31. Nc5 Rxc5 32. Bxc5 Bxb2 33. Rd7 Bd5
34. Bd6 g6 35. h4 h5 36. Kf2 Ba3 37. Ke3 b4 38. Be4 Bc1+ 39. Kd4 Bxe4 40. Kxe4
b3 41. Rb7 b2 42. Kd3 Rc8 43. Be7 g5 44. hxg5 Kh7 45. Bd6 Kg6 46. Be7 Rc7 47.
Rxc7 b1=Q+ 48. Ke2 Qe4+ 49. Kf2 Be3+ 50. Ke2 Bb6+ 51. Kd2 Bxc7 52. Bf6 Ba5+ 53.
Kc1 Qe2 54. g4 Bc3 55. gxh5+ Kxh5 56. g6 Qd2+ 57. Kb1 Qb2# 0-1

[Event "XXVII OOM - Mistrzostwa Polski Juniorow Mlodszych - Chlopcy do lat 14"]
[Site "ApartHotel Termy Uniejow, ul. Termalna 1, 99-210 Uniejow"]
[Date "1899-12-30"]
[Round "2.17"]
[White "Musial, Igor"]
[Black "Trzebinski, Patryk"]
[Result "1-0"]
[WhiteTitle "I"]
[BlackTitle "I+"]
[WhiteElo "1903"]
[BlackElo "1609"]

1. e4 c5 2. Nf3 g6 3. d4 cxd4 4. Nxd4 Nc6 5. c4 Nf6 6. Nc3 Bg7 7. Be3 Ng4 8. Qxg4
Nxd4 9. Qd1 e5 10. Bd3 O-O 11. O-O d6 12. Ne2 Be6 13. f3 Rc8 14. b3 f5 15. Nxd4
exd4 16. Bf2 Qa5 17. exf5 gxf5 18. Re1 Rce8 19. a3 Bd7 20. b4 Qa4 21. Rxe8 Rxe8
22. Bc2 Qc6 23. Bxd4 Re1+ 24. Qxe1 Bxd4+ 25. Kh1 Bxa1 26. Qxa1 Qxc4 27. Qd1 Be6
28. h3 Kf7 29. Qd2 a6 30. f4 b5 31. Bd1 Ke7 32. Be2 Qb3 33. Qd3 Qxd3 34. Bxd3
d5 35. Kg1 Kd6 36. Kf2 d4 37. Ke2 Kd5 38. Bb1 Bd7 39. Kd3 h5 40. h4 Bc6 41. g3
Bb7 42. Ba2+ Kd6 43. Kxd4 Bf3 44. Bb1 Bg4 45. Bc2 Bh3 46. Bd1 1-0

[Event "XXVII OOM - Mistrzostwa Polski Juniorow Mlodszych - Chlopcy do lat 14"]
[Site "ApartHotel Termy Uniejow, ul. Termalna 1, 99-210 Uniejow"]
[Date "1899-12-30"]
[Round "2.18"]
[White "Garwacki, Kornel"]
[Black "Pancewicz, Szymon"]
[Result "0-1"]
[WhiteTitle "I"]
[BlackTitle "I+"]
[WhiteElo "1478"]
[BlackElo "1872"]

1. e4 c5 2. Nf3 e6 3. d4 cxd4 4. Nxd4 Nc6 5. Nc3 Qc7 6. Be3 a6 7. Be2 Nf6 8. O-O
Be7 9. f4 d6 10. a4 O-O 11. Bf3 Bd7 12. Qe1 Nxd4 13. Bxd4 Bc6 14. Qf2 b5 15. axb5
axb5 16. e5 Nd5 17. Nxd5 Bxd5 18. Bxd5 exd5 19. b4 dxe5 20. Bxe5 Bd6 21. Bxd6
Qxd6 22. Qd4 h6 23. h3 Rxa1 24. Rxa1 Re8 25. Rd1 Re2 26. Qxd5 Re1+ 27. Rxe1 Qxd5
28. c3 Qd2 29. Re8+ Kh7 30. Rc8 Qc1+ 31. Kh2 Qxf4+ 32. Kh1 g5 33. Rc5 Kg6 34.
Kg1 Qe3+ 35. Kh2 Qe2 36. Kg3 h5 37. Rc6+ f6 38. Rc5 Qd3+ 39. Kh2 g4 40. hxg4 hxg4
41. c4 bxc4 42. Rc8 g3+ 0-1